[Event "Russian Blitz Championship (m)"]
[Site "Sochi"]
[Date "2022.10.14"]
[Round "2.1"]
[White "Artemiev, Vladislav"]
[Black "Oganian, Miran"]
[Result "1-0"]
[BlackElo "2339"]
[WhiteElo "2832"]
[LiveChessVersion "1.4.8"]

1. Nf3 {[%clk 0:03:00]} Nf6 {[%clk 0:03:01]} 2. g3 {[%clk 0:03:00]} d5
{[%clk 0:03:02]} 3. Bg2 {[%clk 0:03:01]} e6 {[%clk 0:03:03]} 4. O-O
{[%clk 0:03:00]} Be7 {[%clk 0:03:03]} 5. b3 {[%clk 0:02:55]} O-O {[%clk 0:03:03]}
6. c4 {[%clk 0:02:55]} d4 {[%clk 0:02:54]} 7. e3 {[%clk 0:02:55]} c5
{[%clk 0:02:55]} 8. Ne5 {[%clk 0:02:50]} Nfd7 {[%clk 0:02:49]} 9. exd4
{[%clk 0:02:41]} cxd4 {[%clk 0:02:33]} 10. Nd3 {[%clk 0:02:41]} Nc6
{[%clk 0:02:27]} 11. Ba3 {[%clk 0:02:40]} e5 {[%clk 0:02:22]} 12. Re1
{[%clk 0:02:29]} Re8 {[%clk 0:02:16]} 13. b4 {[%clk 0:02:05]} f6 {[%clk 0:01:56]}
14. b5 {[%clk 0:01:29]} Na5 {[%clk 0:01:50]} 15. Bxe7 {[%clk 0:01:29]} Qxe7
{[%clk 0:01:46]} 16. Qa4 {[%clk 0:01:29]} Qd8 {[%clk 0:01:17]} 17. c5
{[%clk 0:01:30]} Nf8 {[%clk 0:01:09]} 18. Na3 {[%clk 0:01:24]} Be6
{[%clk 0:01:07]} 19. c6 {[%clk 0:01:05]} bxc6 {[%clk 0:00:54]} 20. bxc6
{[%clk 0:01:05]} Rc8 {[%clk 0:00:54]} 21. Rac1 {[%clk 0:00:57]} Bxa2
{[%clk 0:00:26]} 22. Rc5 {[%clk 0:00:57]} e4 {[%clk 0:00:09]} 23. Rxe4
{[%clk 0:00:54]} 1-0

[Event "Russian Blitz Championship (m)"]
[Site "Sochi"]
[Date "2022.10.14"]
[Round "2.2"]
[White "Derjabin, Ilja"]
[Black "Tomashevsky, Evgeny"]
[Result "1/2-1/2"]
[BlackElo "2695"]
[WhiteElo "2341"]
[LiveChessVersion "1.4.8"]

1. d4 {[%clk 0:03:02]} Nf6 {[%clk 0:03:03]} 2. c4 {[%clk 0:03:03]} e6
{[%clk 0:03:04]} 3. Nc3 {[%clk 0:03:04]} Bb4 {[%clk 0:03:03]} 4. a3
{[%clk 0:03:05]} Bxc3+ {[%clk 0:03:02]} 5. bxc3 {[%clk 0:03:06]} b6
{[%clk 0:03:02]} 6. f3 {[%clk 0:03:06]} Ba6 {[%clk 0:02:58]} 7. e4
{[%clk 0:03:06]} Nc6 {[%clk 0:02:58]} 8. Bg5 {[%clk 0:03:04]} h6 {[%clk 0:02:47]}
9. Bh4 {[%clk 0:03:05]} Na5 {[%clk 0:02:41]} 10. Qa4 {[%clk 0:03:01]} Qc8
{[%clk 0:02:15]} 11. e5 {[%clk 0:02:48]} Ng8 {[%clk 0:02:09]} 12. Bd3
{[%clk 0:02:31]} Qb7 {[%clk 0:02:07]} 13. Be4 {[%clk 0:02:15]} c6
{[%clk 0:02:08]} 14. Bd3 {[%clk 0:02:08]} Qc7 {[%clk 0:02:07]} 15. Ne2
{[%clk 0:02:06]} Ne7 {[%clk 0:02:00]} 16. O-O {[%clk 0:01:53]} Ng6
{[%clk 0:01:34]} 17. Bg3 {[%clk 0:01:46]} Ne7 {[%clk 0:01:32]} 18. Rad1
{[%clk 0:01:41]} Rb8 {[%clk 0:01:25]} 19. Bh4 {[%clk 0:01:32]} g5
{[%clk 0:01:20]} 20. Bg3 {[%clk 0:01:33]} Bxc4 {[%clk 0:01:21]} 21. Bxc4
{[%clk 0:01:25]} b5 {[%clk 0:01:23]} 22. Bxb5 {[%clk 0:01:25]} cxb5
{[%clk 0:01:23]} 23. Qc2 {[%clk 0:01:23]} Nc4 {[%clk 0:01:22]} 24. Qc1
{[%clk 0:01:21]} Nd5 {[%clk 0:01:06]} 25. f4 {[%clk 0:01:16]} Nce3
{[%clk 0:01:05]} 26. fxg5 {[%clk 0:00:55]} hxg5 {[%clk 0:01:06]} 27. Bf2
{[%clk 0:00:45]} Nxd1 {[%clk 0:01:04]} 28. Rxd1 {[%clk 0:00:46]} Rg8
{[%clk 0:00:53]} 29. Be1 {[%clk 0:00:42]} Kd8 {[%clk 0:00:44]} 30. Ng3
{[%clk 0:00:37]} Kc8 {[%clk 0:00:45]} 31. Ne4 {[%clk 0:00:37]} Kb7
{[%clk 0:00:47]} 32. a4 {[%clk 0:00:24]} Ka8 {[%clk 0:00:36]} 33. Nc5
{[%clk 0:00:18]} Nf4 {[%clk 0:00:32]} 34. Rd2 {[%clk 0:00:14]} Qc6
{[%clk 0:00:29]} 35. Bg3 {[%clk 0:00:06]} bxa4 {[%clk 0:00:29]} 36. h3
{[%clk 0:00:06]} Nd5 {[%clk 0:00:25]} 37. Qa3 {[%clk 0:00:06]} g4
{[%clk 0:00:24]} 38. h4 {[%clk 0:00:06]} Nb6 {[%clk 0:00:25]} 39. Qa2
{[%clk 0:00:04]} Qb5 {[%clk 0:00:24]} 40. Kh2 {[%clk 0:00:05]} Nc4
{[%clk 0:00:24]} 41. Rf2 {[%clk 0:00:06]} a3 {[%clk 0:00:25]} 42. Rxf7
{[%clk 0:00:07]} Ne3 {[%clk 0:00:24]} 43. Nxd7 {[%clk 0:00:03]} Nf1+
{[%clk 0:00:20]} 44. Rxf1 {[%clk 0:00:04]} Qxf1 {[%clk 0:00:20]} 45. Qxe6
{[%clk 0:00:05]} Qb5 {[%clk 0:00:15]} 46. Nxb8 {[%clk 0:00:06]} Rxb8
{[%clk 0:00:15]} 47. Qa2 {[%clk 0:00:06]} Qb3 {[%clk 0:00:15]} 48. Qe2
{[%clk 0:00:05]} a2 {[%clk 0:00:16]} 49. Qe4+ {[%clk 0:00:07]} Qb7
{[%clk 0:00:17]} 50. Qe1 {[%clk 0:00:08]} Qb1 {[%clk 0:00:17]} 51. Qf2
{[%clk 0:00:07]} a1=Q {[%clk 0:00:17]} 52. Bf4 {[%clk 0:00:08]} Qh1+
{[%clk 0:00:17]} 1/2-1/2

[Event "Russian Blitz Championship (m)"]
[Site "Sochi"]
[Date "2022.10.14"]
[Round "2.3"]
[White "Lesovoi, Evgenij"]
[Black "Sjugirov, Sanan"]
[Result "0-1"]
[BlackElo "2609"]
[WhiteElo "2339"]
[LiveChessVersion "1.4.8"]

1. d4 {[%clk 0:03:02]} Nf6 {[%clk 0:03:03]} 2. Nf3 {[%clk 0:03:02]} e6
{[%clk 0:03:02]} 3. c4 {[%clk 0:03:01]} Bb4+ {[%clk 0:02:48]} 4. Bd2
{[%clk 0:03:00]} a5 {[%clk 0:02:45]} 5. g3 {[%clk 0:02:59]} d5 {[%clk 0:02:41]}
6. Qc2 {[%clk 0:02:52]} O-O {[%clk 0:02:38]} 7. Bg2 {[%clk 0:02:52]} c5
{[%clk 0:02:35]} 8. O-O {[%clk 0:02:34]} cxd4 {[%clk 0:02:33]} 9. Bxb4
{[%clk 0:02:16]} axb4 {[%clk 0:02:34]} 10. Nxd4 {[%clk 0:02:17]} e5
{[%clk 0:02:18]} 11. Nb3 {[%clk 0:02:02]} d4 {[%clk 0:02:13]} 12. a3
{[%clk 0:02:01]} Nc6 {[%clk 0:02:03]} 13. N1d2 {[%clk 0:01:29]} bxa3
{[%clk 0:02:03]} 14. bxa3 {[%clk 0:01:29]} Qe7 {[%clk 0:01:57]} 15. c5
{[%clk 0:01:15]} Be6 {[%clk 0:01:57]} 16. Nc4 {[%clk 0:01:14]} Ra7
{[%clk 0:01:32]} 17. Rfc1 {[%clk 0:00:49]} Nd7 {[%clk 0:01:23]} 18. Ncd2
{[%clk 0:00:24]} Rfa8 {[%clk 0:01:22]} 19. Qb2 {[%clk 0:00:22]} Nf6
{[%clk 0:01:10]} 20. Nc4 {[%clk 0:00:16]} Nd7 {[%clk 0:01:03]} 21. Ncd2
{[%clk 0:00:07]} h5 {[%clk 0:01:03]} 22. h3 {[%clk 0:00:05]} g6 {[%clk 0:01:00]}
23. Ne4 {[%clk 0:00:03]} Kg7 {[%clk 0:00:55]} 24. e3 {[%clk 0:00:03]} dxe3 25.
fxe3 {[%clk 0:00:05]} Bd5 {[%clk 0:00:48]} 26. Nd6 {[%clk 0:00:04]} Bxg2
{[%clk 0:00:46]} 27. Kxg2 {[%clk 0:00:05]} Nxc5 {[%clk 0:00:21]} 28. Nxc5
{[%clk 0:00:06]} Qxd6 {[%clk 0:00:22]} 29. Rc2 {[%clk 0:00:05]} Qd5+
{[%clk 0:00:18]} 30. Kh2 {[%clk 0:00:06]} Qf3 {[%clk 0:00:17]} 31. Re2
{[%clk 0:00:03]} h4 {[%clk 0:00:18]} 32. gxh4 {[%clk 0:00:04]} Rh8
{[%clk 0:00:17]} 33. Rf2 {[%clk 0:00:04]} Qxe3 {[%clk 0:00:17]} 34. Raf1
{[%clk 0:00:05]} Nd8 {[%clk 0:00:06]} 35. Qb6 {[%clk 0:00:04]} Rxa3
{[%clk 0:00:06]} 36. Qf6+ {[%clk 0:00:05]} Kh7 {[%clk 0:00:08]} 37. Qe7 0-1

[Event "Russian Blitz Championship (m)"]
[Site "Sochi"]
[Date "2022.10.14"]
[Round "2.4"]
[White "Tsydypov, Zhamsaran"]
[Black "Truskavetsky, Alexandr"]
[Result "1-0"]
[BlackElo "2319"]
[WhiteElo "2598"]
[LiveChessVersion "1.4.8"]

1. c4 {[%clk 0:03:01]} e6 {[%clk 0:02:59]} 2. b3 {[%clk 0:02:59]} d5
{[%clk 0:03:00]} 3. Bb2 {[%clk 0:03:00]} Nf6 {[%clk 0:03:01]} 4. Nf3
{[%clk 0:03:00]} Be7 {[%clk 0:02:58]} 5. g3 {[%clk 0:03:01]} O-O {[%clk 0:02:58]}
6. Bg2 {[%clk 0:03:02]} c5 {[%clk 0:02:59]} 7. d3 {[%clk 0:02:59]} Nc6
{[%clk 0:02:58]} 8. Nbd2 {[%clk 0:02:59]} d4 {[%clk 0:02:58]} 9. O-O
{[%clk 0:02:58]} e5 {[%clk 0:02:58]} 10. a3 {[%clk 0:02:58]} h6 {[%clk 0:02:53]}
11. Re1 {[%clk 0:02:57]} Be6 {[%clk 0:02:40]} 12. e3 {[%clk 0:02:47]} Bf5
{[%clk 0:02:32]} 13. exd4 {[%clk 0:02:44]} exd4 {[%clk 0:02:32]} 14. Qc2
{[%clk 0:02:38]} Bd6 {[%clk 0:02:30]} 15. b4 {[%clk 0:02:15]} cxb4
{[%clk 0:02:29]} 16. Nxd4 {[%clk 0:02:16]} Nxd4 {[%clk 0:02:22]} 17. Bxd4
{[%clk 0:02:17]} bxa3 {[%clk 0:02:22]} 18. Reb1 {[%clk 0:01:47]} a5
{[%clk 0:01:31]} 19. c5 {[%clk 0:01:28]} Bc7 {[%clk 0:01:32]} 20. Qc3
{[%clk 0:01:29]} Nd5 {[%clk 0:01:18]} 21. Qxa3 {[%clk 0:01:20]} Nf4
{[%clk 0:01:03]} 22. gxf4 {[%clk 0:01:12]} Qxd4 {[%clk 0:01:03]} 23. Rxb7
{[%clk 0:01:07]} Qxf4 {[%clk 0:01:02]} 24. Nf1 {[%clk 0:01:08]} Rfd8
{[%clk 0:00:55]} 25. c6 {[%clk 0:00:37]} Bxd3 {[%clk 0:00:50]} 26. Ng3
{[%clk 0:00:29]} Bg6 {[%clk 0:00:42]} 27. Qe7 {[%clk 0:00:22]} Be5
{[%clk 0:00:31]} 28. Rf1 {[%clk 0:00:16]} a4 {[%clk 0:00:31]} 29. c7
{[%clk 0:00:13]} Rdc8 {[%clk 0:00:28]} 30. Rb4 {[%clk 0:00:12]} Rxc7
{[%clk 0:00:20]} 31. Qxc7 {[%clk 0:00:11]} Bxc7 {[%clk 0:00:20]} 32. Rxf4
{[%clk 0:00:13]} Ra7 {[%clk 0:00:17]} 33. Rb4 {[%clk 0:00:11]} a3
{[%clk 0:00:17]} 34. Ra1 {[%clk 0:00:12]} Be5 {[%clk 0:00:18]} 35. Ra2
{[%clk 0:00:13]} Bd6 {[%clk 0:00:13]} 36. Rb6 {[%clk 0:00:14]} Bc5
{[%clk 0:00:14]} 37. Rb5 {[%clk 0:00:16]} Rc7 {[%clk 0:00:13]} 38. Be4
{[%clk 0:00:14]} 1-0

[Event "Russian Blitz Championship (m)"]
[Site "Sochi"]
[Date "2022.10.14"]
[Round "2.5"]
[White "Vlasenko, Miroslav"]
[Black "Pridorozhni, Aleksei"]
[Result "0-1"]
[BlackElo "2581"]
[WhiteElo "2319"]
[LiveChessVersion "1.4.8"]

1. d4 {[%clk 0:03:03]} d5 {[%clk 0:03:02]} 2. Bf4 {[%clk 0:03:04]} Nf6
{[%clk 0:03:01]} 3. e3 {[%clk 0:03:04]} c5 {[%clk 0:02:56]} 4. Nf3
{[%clk 0:03:04]} Nc6 {[%clk 0:02:53]} 5. Nbd2 {[%clk 0:03:04]} cxd4
{[%clk 0:02:44]} 6. exd4 {[%clk 0:03:05]} Bf5 {[%clk 0:02:45]} 7. c3
{[%clk 0:02:52]} e6 {[%clk 0:02:41]} 8. Be2 {[%clk 0:02:37]} Bd6 {[%clk 0:02:39]}
9. Bg5 {[%clk 0:02:23]} Qb6 {[%clk 0:02:32]} 10. Qb3 {[%clk 0:02:17]} Ne4
{[%clk 0:02:27]} 11. Qxb6 {[%clk 0:01:57]} axb6 {[%clk 0:02:28]} 12. Be3
{[%clk 0:01:56]} h6 {[%clk 0:02:21]} 13. O-O {[%clk 0:01:37]} Bh7
{[%clk 0:02:07]} 14. Nxe4 {[%clk 0:01:32]} Bxe4 {[%clk 0:02:07]} 15. Nd2
{[%clk 0:01:31]} Bh7 {[%clk 0:02:08]} 16. Rfe1 {[%clk 0:01:27]} O-O
{[%clk 0:01:49]} 17. a3 {[%clk 0:01:27]} Rfe8 {[%clk 0:01:39]} 18. Bb5
{[%clk 0:01:23]} Kf8 {[%clk 0:01:35]} 19. f3 {[%clk 0:01:17]} Red8
{[%clk 0:01:32]} 20. Bf2 {[%clk 0:01:16]} Ne7 {[%clk 0:01:30]} 21. g4
{[%clk 0:01:09]} Bf4 {[%clk 0:01:29]} 22. Nf1 {[%clk 0:01:09]} Nc8
{[%clk 0:01:27]} 23. Bg3 {[%clk 0:01:05]} Bxg3 {[%clk 0:01:25]} 24. Nxg3
{[%clk 0:01:03]} Nd6 {[%clk 0:01:26]} 25. Bf1 {[%clk 0:01:03]} g5
{[%clk 0:01:24]} 26. Kf2 {[%clk 0:01:00]} Bg6 {[%clk 0:01:24]} 27. Be2
{[%clk 0:00:55]} f5 {[%clk 0:01:18]} 28. Bd3 {[%clk 0:00:51]} Kf7
{[%clk 0:01:15]} 29. Re5 {[%clk 0:00:51]} f4 {[%clk 0:00:56]} 30. Bxg6+
{[%clk 0:00:44]} Kxg6 {[%clk 0:00:57]} 31. Nh5 {[%clk 0:00:40]} Kf7
{[%clk 0:00:56]} 32. Rae1 {[%clk 0:00:37]} Re8 {[%clk 0:00:57]} 33. h4
{[%clk 0:00:36]} Nc4 {[%clk 0:00:57]} 34. R5e2 {[%clk 0:00:37]} Re7
{[%clk 0:00:53]} 35. a4 {[%clk 0:00:31]} Ne3 {[%clk 0:00:41]} 36. b3
{[%clk 0:00:21]} b5 {[%clk 0:00:39]} 37. axb5 {[%clk 0:00:15]} Rc7
{[%clk 0:00:40]} 38. Rxe3 {[%clk 0:00:10]} fxe3+ {[%clk 0:00:40]} 39. Rxe3
{[%clk 0:00:11]} Ra3 {[%clk 0:00:38]} 40. hxg5 {[%clk 0:00:12]} hxg5
{[%clk 0:00:39]} 41. f4 {[%clk 0:00:13]} Rxb3 {[%clk 0:00:38]} 42. f5
{[%clk 0:00:08]} exf5 {[%clk 0:00:37]} 43. gxf5 {[%clk 0:00:09]} Rcxc3
{[%clk 0:00:37]} 0-1

[Event "Russian Blitz Championship (m)"]
[Site "Sochi"]
[Date "2022.10.14"]
[Round "2.6"]
[White "Borisovsky, Dmitry"]
[Black "Timofeev, Artyom"]
[Result "0-1"]
[BlackElo "2579"]
[WhiteElo "2317"]
[LiveChessVersion "1.4.8"]

1. e4 {[%clk 0:03:03]} c5 {[%clk 0:03:02]} 2. Nf3 {[%clk 0:03:04]} Nc6
{[%clk 0:03:03]} 3. Bb5 {[%clk 0:03:05]} e6 {[%clk 0:03:03]} 4. O-O
{[%clk 0:03:05]} Nge7 {[%clk 0:03:03]} 5. d4 {[%clk 0:03:05]} cxd4
{[%clk 0:03:03]} 6. Nxd4 {[%clk 0:03:06]} Ng6 {[%clk 0:03:02]} 7. Be3
{[%clk 0:03:04]} Be7 {[%clk 0:03:02]} 8. Be2 {[%clk 0:03:03]} O-O
{[%clk 0:03:00]} 9. c4 {[%clk 0:03:04]} b6 {[%clk 0:02:59]} 10. Nc3
{[%clk 0:03:04]} Bb7 {[%clk 0:02:59]} 11. g3 {[%clk 0:02:28]} a6 {[%clk 0:02:54]}
12. Qd2 {[%clk 0:02:25]} Rc8 {[%clk 0:02:43]} 13. Rfd1 {[%clk 0:02:17]} Nge5
{[%clk 0:02:35]} 14. b3 {[%clk 0:02:00]} d6 {[%clk 0:02:13]} 15. f4
{[%clk 0:01:50]} Nd7 {[%clk 0:02:13]} 16. Bf3 {[%clk 0:01:42]} Nxd4
{[%clk 0:01:58]} 17. Bxd4 {[%clk 0:01:29]} Qc7 {[%clk 0:01:56]} 18. Rac1
{[%clk 0:01:14]} Rfd8 {[%clk 0:01:56]} 19. Qe2 {[%clk 0:00:46]} Qb8
{[%clk 0:01:46]} 20. Bf2 {[%clk 0:00:26]} Nc5 {[%clk 0:01:41]} 21. g4
{[%clk 0:00:14]} Bf8 {[%clk 0:01:40]} 22. Bg2 {[%clk 0:00:11]} g6
{[%clk 0:01:32]} 23. Bh4 {[%clk 0:00:12]} Re8 {[%clk 0:01:32]} 24. Qe3
{[%clk 0:00:07]} Qc7 {[%clk 0:00:57]} 25. Ne2 {[%clk 0:00:07]} Bg7
{[%clk 0:00:54]} 26. Bg3 {[%clk 0:00:07]} Qe7 {[%clk 0:00:51]} 27. h4
{[%clk 0:00:07]} b5 {[%clk 0:00:52]} 28. cxb5 {[%clk 0:00:05]} axb5
{[%clk 0:00:53]} 29. Nd4 {[%clk 0:00:05]} b4 {[%clk 0:00:52]} 30. Nb5
{[%clk 0:00:05]} Red8 {[%clk 0:00:49]} 31. e5 {[%clk 0:00:06]} Bxg2
{[%clk 0:00:43]} 32. exd6 {[%clk 0:00:06]} Qb7 {[%clk 0:00:44]} 33. Rxc5
{[%clk 0:00:07]} Bh3 {[%clk 0:00:33]} 34. Rd2 {[%clk 0:00:05]} Bxg4
{[%clk 0:00:33]} 35. Nc7 {[%clk 0:00:04]} Bf8 {[%clk 0:00:19]} 36. f5
{[%clk 0:00:04]} Bxf5 {[%clk 0:00:19]} 37. Be5 {[%clk 0:00:05]} Qb6
{[%clk 0:00:13]} 38. Qd4 {[%clk 0:00:04]} Qa7 {[%clk 0:00:08]} 39. Rb5
{[%clk 0:00:04]} Qxd4+ {[%clk 0:00:08]} 40. Rxd4 {[%clk 0:00:05]} f6
{[%clk 0:00:07]} 41. Bxf6 Rxd6 {[%clk 0:00:08]} 42. Rxd6 {[%clk 0:00:03]} Bxd6
{[%clk 0:00:09]} 43. Na6 {[%clk 0:00:03]} Rc1+ {[%clk 0:00:10]} 44. Kf2
{[%clk 0:00:04]} Rc2+ {[%clk 0:00:11]} 45. Ke3 {[%clk 0:00:05]} Kf7
{[%clk 0:00:11]} 46. Bd4 {[%clk 0:00:04]} Rxa2 {[%clk 0:00:11]} 47. Nxb4
{[%clk 0:00:05]} Rh2 {[%clk 0:00:11]} 48. Rb7+ {[%clk 0:00:06]} Ke8
{[%clk 0:00:12]} 49. Nc6 {[%clk 0:00:03]} Rxh4 {[%clk 0:00:12]} 50. Bb6 Rh3+ 51.
Kd2 Rxb3 0-1

[Event "Russian Blitz Championship (m)"]
[Site "Sochi"]
[Date "2022.10.14"]
[Round "2.7"]
[White "Dobrov, Vladimir"]
[Black "Shcherbin, Matvei"]
[Result "1-0"]
[BlackElo "2308"]
[WhiteElo "2575"]
[LiveChessVersion "1.4.8"]

1. Nf3 {[%clk 0:03:02]} Nf6 {[%clk 0:03:04]} 2. g3 e6 3. Bg2 {[%clk 0:03:03]} d5
{[%clk 0:03:07]} 4. c4 {[%clk 0:03:03]} Be7 {[%clk 0:03:07]} 5. O-O
{[%clk 0:02:56]} O-O {[%clk 0:03:07]} 6. b3 {[%clk 0:02:44]} b6 {[%clk 0:02:56]}
7. Bb2 {[%clk 0:02:45]} Bb7 {[%clk 0:02:57]} 8. e3 {[%clk 0:02:46]} Nbd7
{[%clk 0:02:58]} 9. Nc3 {[%clk 0:02:43]} dxc4 {[%clk 0:02:48]} 10. bxc4
{[%clk 0:02:44]} c5 {[%clk 0:02:50]} 11. Qe2 {[%clk 0:02:41]} Rc8
{[%clk 0:02:48]} 12. d3 {[%clk 0:02:33]} Qc7 {[%clk 0:02:27]} 13. Rad1
{[%clk 0:02:34]} Ng4 {[%clk 0:02:18]} 14. Bh3 {[%clk 0:02:31]} Nge5
{[%clk 0:02:01]} 15. Ne1 {[%clk 0:02:31]} Qc6 {[%clk 0:01:53]} 16. Bg2
{[%clk 0:02:26]} Qc7 {[%clk 0:01:53]} 17. f4 {[%clk 0:02:21]} Bxg2
{[%clk 0:01:53]} 18. Qxg2 {[%clk 0:02:16]} Nc6 {[%clk 0:01:37]} 19. Nf3
{[%clk 0:02:12]} Rfd8 {[%clk 0:01:37]} 20. g4 {[%clk 0:02:09]} Nf8
{[%clk 0:01:35]} 21. g5 {[%clk 0:02:03]} Nb4 {[%clk 0:01:35]} 22. Qe2
{[%clk 0:01:56]} f6 23. a3 {[%clk 0:01:52]} Nc6 {[%clk 0:01:11]} 24. gxf6
{[%clk 0:01:45]} Bxf6 {[%clk 0:01:12]} 25. Ne4 {[%clk 0:01:27]} Bxb2
{[%clk 0:01:13]} 26. Qxb2 {[%clk 0:01:28]} Qf7 {[%clk 0:01:14]} 27. Kh1
{[%clk 0:01:19]} Qh5 {[%clk 0:01:08]} 28. Qg2 {[%clk 0:00:58]} Qg6
{[%clk 0:00:58]} 29. Qe2 {[%clk 0:00:57]} Kh8 {[%clk 0:00:27]} 30. Rg1
{[%clk 0:00:57]} Qh6 {[%clk 0:00:28]} 31. Nfg5 {[%clk 0:00:54]} Rd7
{[%clk 0:00:30]} 32. Rg3 {[%clk 0:00:54]} e5 {[%clk 0:00:27]} 33. f5
{[%clk 0:00:52]} Ne7 {[%clk 0:00:15]} 34. Nf7+ 1-0

[Event "Russian Blitz Championship (m)"]
[Site "Sochi"]
[Date "2022.10.14"]
[Round "2.8"]
[White "Gabdushev, Ruslan"]
[Black "Grachev, Boris"]
[Result "1/2-1/2"]
[BlackElo "2565"]
[WhiteElo "2312"]
[LiveChessVersion "1.4.8"]

1. b3 {[%clk 0:03:02]} d5 {[%clk 0:03:03]} 2. Bb2 {[%clk 0:03:03]} Bf5
{[%clk 0:03:03]} 3. e3 {[%clk 0:03:03]} e6 {[%clk 0:03:05]} 4. f4
{[%clk 0:03:03]} h6 {[%clk 0:03:05]} 5. Nf3 {[%clk 0:03:03]} Nf6 {[%clk 0:03:06]}
6. Bd3 {[%clk 0:03:04]} Bxd3 {[%clk 0:03:01]} 7. cxd3 {[%clk 0:03:05]} Be7
{[%clk 0:03:02]} 8. O-O {[%clk 0:03:03]} O-O {[%clk 0:02:56]} 9. d4
{[%clk 0:02:54]} Nbd7 {[%clk 0:02:49]} 10. Ba3 {[%clk 0:02:41]} c5
{[%clk 0:02:41]} 11. dxc5 {[%clk 0:02:34]} Nxc5 {[%clk 0:02:41]} 12. Nc3
{[%clk 0:02:10]} Rc8 {[%clk 0:02:39]} 13. Qe2 {[%clk 0:02:03]} Nce4
{[%clk 0:02:30]} 14. Bxe7 {[%clk 0:01:50]} Qxe7 {[%clk 0:02:20]} 15. Nxe4
{[%clk 0:01:27]} Nxe4 {[%clk 0:02:20]} 16. d3 {[%clk 0:01:16]} Nc3
{[%clk 0:02:12]} 17. Qb2 {[%clk 0:01:14]} b5 {[%clk 0:02:06]} 18. b4
{[%clk 0:00:57]} Rc7 {[%clk 0:01:57]} 19. a3 {[%clk 0:00:38]} Rfc8
{[%clk 0:01:54]} 20. Rf2 {[%clk 0:00:37]} Na4 {[%clk 0:01:43]} 21. Qd4
{[%clk 0:00:36]} Rc1+ {[%clk 0:01:20]} 22. Rf1 {[%clk 0:00:22]} R1c2
{[%clk 0:01:19]} 23. h3 {[%clk 0:00:18]} Nc3 {[%clk 0:01:06]} 24. Kh2
{[%clk 0:00:14]} f6 {[%clk 0:00:55]} 25. Rae1 {[%clk 0:00:11]} Ne2
{[%clk 0:00:45]} 26. Qa1 {[%clk 0:00:12]} Qc7 {[%clk 0:00:40]} 27. Nd4
{[%clk 0:00:12]} Nxd4 {[%clk 0:00:40]} 28. Qxd4 {[%clk 0:00:14]} Qb6
{[%clk 0:00:26]} 29. Qa1 {[%clk 0:00:12]} R8c3 {[%clk 0:00:26]} 30. d4
{[%clk 0:00:11]} Qc6 {[%clk 0:00:21]} 31. Rf3 {[%clk 0:00:12]} Qc4
{[%clk 0:00:20]} 32. Rg3 f5 {[%clk 0:00:17]} 33. Qd1 {[%clk 0:00:14]} Qc7
{[%clk 0:00:08]} 34. Qh5 {[%clk 0:00:15]} Qf7 {[%clk 0:00:05]} 35. Qxh6
{[%clk 0:00:16]} Ra2 {[%clk 0:00:06]} 36. Qg5 {[%clk 0:00:16]} Rc8
{[%clk 0:00:06]} 37. h4 {[%clk 0:00:16]} Kh7 {[%clk 0:00:07]} 38. h5
{[%clk 0:00:17]} Qf6 {[%clk 0:00:08]} 39. Qg6+ {[%clk 0:00:17]} Qxg6
{[%clk 0:00:07]} 40. Rxg6 Rc6 {[%clk 0:00:08]} 41. Rf1 {[%clk 0:00:18]} Rxa3
{[%clk 0:00:04]} 42. Rf3 {[%clk 0:00:19]} Rb3 {[%clk 0:00:04]} 43. Rfg3
{[%clk 0:00:21]} Rc7 {[%clk 0:00:05]} 44. Rxe6 {[%clk 0:00:19]} Rxb4
{[%clk 0:00:07]} 45. Rg5 {[%clk 0:00:20]} a5 {[%clk 0:00:05]} 46. Rxf5
{[%clk 0:00:21]} Ra7 {[%clk 0:00:06]} 47. Rxd5 {[%clk 0:00:19]} a4
{[%clk 0:00:07]} 48. h6 a3 {[%clk 0:00:07]} 49. hxg7 {[%clk 0:00:12]} a2
{[%clk 0:00:07]} 50. Rh5+ {[%clk 0:00:07]} Kxg7 51. f5 a1=Q {[%clk 0:00:05]} 52.
Rg6+ {[%clk 0:00:06]} Kf8 {[%clk 0:00:04]} 53. Rh8+ {[%clk 0:00:06]} Kf7
{[%clk 0:00:04]} 54. Rh7+ {[%clk 0:00:07]} Kf8 55. Rh8+ Kf7 {[%clk 0:00:05]} 56.
Rh7+ {[%clk 0:00:10]} 1/2-1/2

[Event "Russian Blitz Championship (m)"]
[Site "Sochi"]
[Date "2022.10.14"]
[Round "2.9"]
[White "Afanasiev, Nikita"]
[Black "Pershin, Denis"]
[Result "1-0"]
[BlackElo "2300"]
[WhiteElo "2541"]
[LiveChessVersion "1.4.8"]

1. Nf3 {[%clk 0:03:00]} Nf6 {[%clk 0:03:03]} 2. c4 {[%clk 0:03:01]} e6
{[%clk 0:03:04]} 3. b3 {[%clk 0:03:02]} d5 {[%clk 0:03:02]} 4. Bb2
{[%clk 0:03:03]} Be7 {[%clk 0:03:01]} 5. cxd5 {[%clk 0:03:02]} exd5
{[%clk 0:03:01]} 6. g3 {[%clk 0:03:03]} O-O {[%clk 0:02:58]} 7. Bg2
{[%clk 0:03:04]} c6 {[%clk 0:02:45]} 8. O-O {[%clk 0:03:04]} h6 {[%clk 0:02:43]}
9. d3 {[%clk 0:02:59]} Bf5 {[%clk 0:02:43]} 10. Nbd2 {[%clk 0:02:53]} Nbd7
{[%clk 0:02:44]} 11. Nd4 {[%clk 0:02:47]} Bh7 {[%clk 0:02:44]} 12. e4
{[%clk 0:02:48]} Nc5 {[%clk 0:02:20]} 13. Qc2 {[%clk 0:02:49]} Nxd3
{[%clk 0:01:15]} 14. Qxd3 {[%clk 0:02:48]} dxe4 {[%clk 0:01:16]} 15. Qe2
{[%clk 0:02:30]} Bc5 {[%clk 0:01:02]} 16. Qc4 {[%clk 0:02:23]} Bb6
{[%clk 0:00:58]} 17. b4 {[%clk 0:02:24]} Qe7 {[%clk 0:00:45]} 18. Rfe1
{[%clk 0:02:19]} Rfd8 {[%clk 0:00:43]} 19. N2b3 {[%clk 0:02:17]} Nd5
{[%clk 0:00:36]} 20. a3 {[%clk 0:02:10]} Rac8 {[%clk 0:00:37]} 21. Nc5
{[%clk 0:02:07]} Nf6 {[%clk 0:00:32]} 22. Ndb3 {[%clk 0:02:03]} Re8
{[%clk 0:00:26]} 23. Rad1 {[%clk 0:01:57]} Bc7 {[%clk 0:00:22]} 24. Nxb7
{[%clk 0:01:53]} Ng4 {[%clk 0:00:14]} 25. N7c5 {[%clk 0:01:48]} e3
{[%clk 0:00:13]} 26. Qxg4 {[%clk 0:01:47]} exf2+ 1-0